000
00198nam a2200085Ia 4500
008
220204s9999 xx 000 0 und d
082
_a
82-3
_b
KEE
245
0
_a
Clue in the ancient disguise
942
_c
BK
999
_c
37474
_d
37474